| 000 | 00728nam a2200181Ia 4500 | ||
|---|---|---|---|
| 008 | 151202s9999||||xx |||||||||||||| ||und|| | ||
| 082 | _bPNVM-66518 | ||
| 100 | _aगुजर के. के. | ||
| 245 | _a"दस्तऐवज, शोध व नोंद टीपा व निवाडे." | ||
| 260 | _b"विजया प्रकाशन, सातारा." | ||
| 260 | _c2004 | ||
| 300 | _a212 | ||
| 600 | _aगुजर के. के. | ||
| 630 | _a"दस्तऐवज, शोध व नोंद टीपा व निवाडे." | ||
| 700 | _aगुजर के. के. | ||
| 730 | _a"दस्तऐवज, शोध व नोंद टीपा व निवाडे." | ||
| 942 | _cBOOK | ||
| 999 |
_c1333050 _d1333047 |
||